000 00954nam a2200301 a 4500
008
020 _a9781107118508 (hardback)
040 _aNUST
_cNUST
049 _aMAIN
090 _aQA166.17
_bFRI
100 1 _aFrieze, Alan.,
_aauthor.
245 1 0 _aIntroduction to random graphs/
_c Alan Frieze & Michal Karonski.
260 _aCambridge :
_bCambridge University Press,
_c2016.
300 _axvii, 464 pages :
_billustrations ;
_c24 cm.
336 _atext
_btxt
_2rdacontent
337 _aunmediated
_bn
_2rdamedia
338 _avolume
_bnc
_2rdacarrier
500 _aIncludes index.
504 _aIncludes bibliographical references.
650 1 _aRandom graphs.
650 _aProbabilities.
650 _aCombinatorial probabilties.
700 _aKaronski, Michal.,
_aauthor.
907 _a.b10403954
_b07-06-21
_c07-06-21
003
005 20230123141200.0
942 _cBOOKS
_kQA166.17
_mFRI
999 _c169095
_d169095